[Event "Baltic Zonal 2018"]
[Site "Tallinn"]
[Date "2018.05.16"]
[Round "4"]
[White "Seeman, Tarvo"]
[Black "Laurusas, Tomas"]
[Result "0-1"]
[WhiteElo "2426"]
[BlackElo "2428"]
[Annotator "TA"]
[PlyCount "69"]
[EventDate "2018.??.??"]
[EventType "swiss"]
[EventCountry "EST"]
[SourceTitle "playchess.com"]
[Source "ChessBase"]
[SourceQuality "1"]

{[%evp 15,69,0,0,-31,-30,-43,-51,-42,-52,-48,-35,-50,-56,-61,-6,-18,-18,-18,-18,-37,-43,-34,-45,-116,-112,-116,-103,-223,-223,-222,-235,-232,-229,-233,-226,-219,-199,-231,-191,-191,-190,-189,-185,-184,-179,-181,-65,-170,-178,-170,-106,-646,-643,-629,-634,-29998]} 1. Nf3 d5 2. g3 c5 3. Bg2 Nc6 4. O-O g6 5. c4 d4 6. e3 Bg7 7. exd4 cxd4 8. d3 Nf6 {LiveBook: 49 Games} 9. b4 {A09: Réti Opening: 1 Nf3 d5 2 c4} Nxb4 10. Qa4+ Nc6 11. Ne5 {Black is slightly better.} O-O 12. Nxc6 bxc6 13. Bxc6 {[#]} Bf5 $146 ({Predecessor:} 13... Bh3 14. Re1 Nd7 15. Ba3 Ne5 16. Be4 Re8 {½-½ (45) Xu,Z (2206)-Li,C (2758) Harbin 2016}) 14. Ba3 Ng4 (14... Bxd3 $15 15. Re1 Rc8) 15. Nd2 Rc8 (15... Bxd3 $6 16. Rfe1 $16) 16. Be4 Ne5 {[%cal Bg4e5,Be5d3,Bd3c5,Bc5e4][%mdl 32]} 17. Rad1 Nxd3 18. Bxf5 $1 gxf5 19. f4 (19. Nf3 $15 Ne5 20. Nxe5 Bxe5 21. Qxa7) 19... Nc5 $1 $36 {[%cal Rc5a4][%mdl 2048] Black is really pushing.} 20. Qxa7 d3 21. Kg2 (21. Nf3 $17 {was called for.} Rc7 22. Qa5) 21... Rc7 $19 22. Qa5 {[#]} Ne4 $1 23. Bb4 Qd7 24. Qb5 Qxb5 25. cxb5 Rc2 26. Kf3 Rxa2 27. Nc4 Ra4 ({Resist} 27... Rxh2 28. Rxd3 Rc8 29. Na5 $15) 28. Bxe7 Re8 ({Much less strong is} 28... Rxc4 29. Bxf8 Bxf8 30. Rxd3 $17) 29. Ne3 Rxe7 30. Rxd3 Ra2 ({Better is} 30... Re8 $19 {aiming for ...Ra2.} 31. Nxf5 Rb4) 31. Nxf5 ({White has to play} 31. Rd8+ $15 Bf8 32. Nxf5) 31... Re8 {...Nd2+ is the strong threat.} 32. Rfd1 {[#] intending Rd8.} Bf6 ({Weaker is} 32... Rxh2 33. Rd8 $18) (32... Rf2+ $1 $19 33. Ke3 Rb2) 33. Re3 $2 {[%mdl 8192]} (33. Nd6 $17 Nxd6 34. Rxd6) 33... Rf2+ 34. Kg4 {With the idea Rde1.} Rxh2 {( -> ...h5+)} 35. Rf1 {Precision: White = 31%, Black = 77%.} 0-1

[Event "Baltic Zonal 2018"]
[Site "Tallinn"]
[Date "2018.05.16"]
[Round "4"]
[White "Sarakauskas, Gediminas"]
[Black "Narva, Mai"]
[Result "0-1"]
[WhiteElo "2424"]
[BlackElo "2322"]
[Annotator "TA"]
[PlyCount "189"]
[EventDate "2018.??.??"]
[EventType "swiss"]
[EventCountry "EST"]
[SourceTitle "playchess.com"]
[Source "ChessBase"]
[SourceQuality "1"]

{[%evp 20,189,0,20,33,27,43,43,52,24,18,9,16,0,31,0,0,0,0,0,0,0,29,9,14,6,27,0,0,-6,-1,-19,-18,-64,-13,-13,-13,-11,0,0,0,0,0,-6,-6,-6,-7,-21,0,0,0,0,0,0,0,0,0,0,8,8,16,0,0,0,0,0,0,0,0,0,7,0,7,0,8,8,8,8,8,8,8,8,8,8,8,8,8,8,8,8,8,8,25,8,435,266,329,8,8,8,8,8,8,8,8,8,8,8,8,8,12838,500,12847,12848,12848,12849,29937,12850,12850,12851,12851,12850,29937,29938,29936,12851,12850,6744,29948,29946,29958,29962,29970,29967,29971,29971,29974,29976,29980,29981,29982,29983,29982,29983,29984,29982,29978,29982,29986,29987,29987,29988,29988,29989,29989,29990,29991,29992,29992,29993,29993,29994,29994,29993,29994,29994,29994,29995,29995,29996,29996,5118]} 1. Nf3 Nf6 2. c4 e6 3. g3 d5 4. Bg2 d4 5. O-O c5 6. d3 Nc6 7. e3 {A09: Réti Opening: 1 Nf3 d5 2 c4} Bd6 8. exd4 cxd4 9. Na3 (9. a3 a5 10. Bg5 h6 11. Bxf6 Qxf6 12. Nbd2 Qe7 13. Re1 O-O 14. Nb3 Rd8 15. Rc1 Bc7 16. c5 {0-1 (51) Le,Q (2737)-Moiseenko,A (2667) Riadh 2017}) 9... e5 10. Re1 O-O {[#]} 11. c5 $1 {[%mdl 512] LiveBook: 4 Games} Bc7 (11... Bxc5 12. Nxe5) 12. Nc4 {[%cal Rf3e5]} Re8 13. Bg5 Bg4 $146 ({Predecessor:} 13... h6 14. Bxf6 Qxf6 {½-½ (42) Bofill Mas,A (2353)-Oms Pallisse,J (2475) Linares 2013}) 14. Qb3 Rb8 15. Nfd2 Na5 16. Qa4 Bd7 17. Qd1 Nxc4 18. Nxc4 h6 19. Bxf6 Qxf6 20. b4 Bc6 21. Qh5 Bxg2 22. Kxg2 Qe6 23. Re2 b6 24. cxb6 axb6 25. Rae1 {[%cal Rc4e5]} f6 26. a4 b5 ({Black should try} 26... Qc6+ $1 $15 27. Qf3 Qxa4 28. Qd5+ Kf8) 27. axb5 $11 Rxb5 28. f4 Kh7 29. fxe5 Bxe5 30. Nxe5 fxe5 31. Kg1 Qg6 32. Qf3 Re6 33. Re4 Rxb4 34. Rxe5 Rxe5 35. Rxe5 {[%mdl 4096] Endgame KQR-KQR} Rb3 36. Re4 Rb1+ 37. Kg2 Rb2+ 38. Kh3 Rb4 (38... Rb5 {feels hotter.} 39. g4 Qc6 40. Kg3 Rb2 41. h4 Qc7+) 39. g4 Qg5 40. Qf5+ Qxf5 41. gxf5 {KR-KR} Kg8 42. Kg4 $1 Kf7 43. Kf4 Kf6 44. h4 Rb5 45. Re6+ Kf7 46. Rd6 Rb4 47. Ke4 Rb1 48. Rxd4 Re1+ 49. Kf4 Kf6 50. Rd6+ Ke7 51. Rg6 Rf1+ 52. Ke5 Re1+ 53. Kd5 {Re6+ is the strong threat.} Kf7 $1 54. Rg4 Kf6 55. d4 Rf1 56. Kc6 Rxf5 $2 {[%mdl 8192]} (56... Kxf5 $11 {and Black stays safe.} 57. Rxg7 Rc1+ 58. Kd6 Rh1) 57. d5 $18 g5 58. hxg5+ $2 (58. h5 $18) 58... hxg5 $11 59. d6 Rf1 60. Rd4 {Intending d7 and mate.} Rc1+ $1 61. Kb7 {White threatens d7 and mate.} Rb1+ 62. Kc7 {d7 would kill now.} Rc1+ 63. Kd8 Ke5 64. d7 {Black must now prevent Ke8!} Kxd4 $4 {[%mdl 8192] [#] KR-KP} (64... Rh1 $11 65. Rc4 Kf5) 65. Ke8 $1 $18 Rc5 (65... Ke4 $142 66. d8=Q Rg1) 66. d8=Q+ {KQ-KR} Ke4 67. Kf7 Re5 68. Kf6 (68. Qd1 $142 Rc5 69. Qg4+ Kd3 70. Ke6 Ra5 71. Qb4 Ra6+ 72. Kf5 Rh6 73. Qb5+ Kd4 74. Qd7+ Kc4 75. Kxg5) 68... Rf5+ 69. Kg6 Rd5 70. Qc8 Kd4 71. Kf6 Rc5 72. Qb8 Kc4 73. Ke6 Rb5 74. Qa7 {White mates.} Kb3 75. Kd6 g4 76. Qf7+ Ka3 77. Kc6 Rb4 78. Kc5 g3 79. Qg7 Rb2 80. Qxg3+ Ka2 81. Kc4 Rc2+ 82. Kb4 Rb2+ 83. Ka4 Ka1 84. Ka3 Ra2+ 85. Kb3 {[%cal Rg3g1]} Rb2+ 86. Kc3 Ka2 87. Qg8+ Ka1 88. Qa8+ Kb1 89. Qa4 Rb8 90. Qd1+ Ka2 91. Qe2+ Ka1 92. Qf1+ Ka2 93. Qf2+ Kb1 94. Qg1+ Ka2 95. Qa7+ {[%mdl 32768] Precision: White = 50%, Black = 38%. . Loss on Time!?} 0-1

[Event "Baltic Zonal 2018"]
[Site "Tallinn"]
[Date "2018.05.16"]
[Round "4"]
[White "Tokranovs, Dmitrijs"]
[Black "Miezis, Normunds"]
[Result "0-1"]
[WhiteElo "2337"]
[BlackElo "2456"]
[Annotator "TA"]
[PlyCount "98"]
[EventDate "2018.??.??"]
[EventType "swiss"]
[EventCountry "EST"]
[SourceTitle "playchess.com"]
[Source "ChessBase"]
[SourceQuality "1"]

{[%evp 19,97,0,0,0,0,0,0,0,0,0,4,-34,-6,-44,-44,-77,-75,-137,-84,-124,-136,-159,-159,-166,-166,-167,-171,-165,-162,-220,-202,-208,-209,-200,-208,-437,-426,-566,-573,-563,-562,-564,-405,-520,-570,-562,-561,-561,-561,-687,-681,-847,-847,-745,-630,-619,-604,-600,-597,-610,-552,-560,-562,-509,-373,-418,-419,-408,-408,-1072,-1065,-29990,-29991,-29994,-578,-29995,-29996,-29998,-29999,-29999]} 1. e4 c5 2. c3 d5 3. exd5 Qxd5 4. d4 g6 5. Nf3 Bg7 6. Be2 Nf6 7. O-O O-O 8. c4 Qd8 9. Nc3 cxd4 10. Nxd4 Ne4 {LiveBook: 4 Games. B06: Modern Defence} 11. Nxe4 {And now Be3 would win.} Qxd4 12. Nc3 {[%cal Be4c3,Bc3d5,Bd5e7][%mdl 32]} Nc6 {[%cal Bb8c6,Bc6e5,Be5c4][%mdl 32] The position is equal.} 13. Be3 Qh4 $146 ({Predecessor:} 13... Qe5 14. Re1 Rd8 15. Qa4 Bd7 16. Qa3 Bf8 17. Rad1 Be6 18. Bf1 Rxd1 19. Rxd1 {1-0 (35) Tokranovs,D (2325)-Kashtanov,R (2377) Panevezys 2017}) 14. g3 Qf6 15. Bf3 Ne5 16. Bg2 Nxc4 17. Nd5 Qxb2 18. Nxe7+ Kh8 19. Bc5 Be6 {Hoping for ...Qe5.} 20. Rb1 Qe5 $36 {[%mdl 2048] Black has strong initiative.} ({Much weaker is} 20... Qxa2 $6 21. Rxb7 Rfd8 22. Rxa7 $15) 21. Bb4 a5 22. Re1 {[#]} Qd4 $1 23. Qxd4 Bxd4 24. Re4 (24. Nxg6+ $142 hxg6 25. Bxf8 Rxf8 26. Rxb7) 24... Bf6 $19 ({Don't play} 24... axb4 25. Rxd4 Rxa2 26. Bd5 $17) 25. Bc5 {[#]} Nd2 $1 {[%csl LRa2,LRb1,LRe4][%cal Rd2b1]} 26. Rxe6 fxe6 27. Rxb7 $2 (27. Rd1 {is a better defense.} Bxe7 28. Bxe7 Nf3+ 29. Kh1) 27... Rfb8 28. a4 Rxb7 29. Bxb7 Rb8 30. Bc6 Rb1+ 31. Kg2 Rc1 32. Ba3 Rc2 33. Bb5 Ne4 34. Kf3 Ng5+ 35. Kg2 Bd4 36. Kf1 Rxf2+ 37. Ke1 Ra2 38. Bc1 Ne4 39. Bf4 g5 40. Bc7 Bc3+ 41. Kf1 Rf2+ 42. Kg1 Rf7 43. Bd8 Bd4+ 44. Kg2 (44. Kh1 $142 Nf2+ 45. Kg2) 44... Rf2+ 45. Kh1 Nd2 46. Bc6 Rf1+ 47. Kg2 g4 {[%csl Gd4][%cal Rf1g1] Black mates.} 48. h4 Rg1+ 49. Kh2 Nf1# {Precision: White = 46%, Black = 88%.} 0-1

[Event "Baltic Zonal 2018"]
[Site "Tallinn"]
[Date "2018.05.16"]
[Round "4"]
[White "Chukavin, Kirill"]
[Black "Vicas, Marijus"]
[Result "1/2-1/2"]
[WhiteElo "2310"]
[BlackElo "2190"]
[Annotator "NA"]
[PlyCount "164"]
[EventDate "2018.??.??"]
[EventType "swiss"]
[EventCountry "EST"]
[SourceTitle "playchess.com"]
[Source "ChessBase"]
[SourceQuality "1"]
[TimeControl "5400+30"]

1. e4 {[%emt 0:00:00]} e5 {[%emt 0:00:35]} 2. Nf3 {[%emt 0:00:00]} Nc6 {[%emt 0:00:06]} 3. Bb5 {[%emt 0:00:00]} a6 {[%emt 0:00:49]} 4. Ba4 {[%emt 0:00:00]} Nf6 {[%emt 0:00:04]} 5. O-O {[%emt 0:00:02]} Be7 {[%emt 0:00:18]} 6. Re1 {[%emt 0:00:09]} b5 {[%emt 0:00:10]} 7. Bb3 {[%emt 0:00:07]} O-O {[%emt 0:00:09]} 8. a4 {[%emt 0:00:29]} Bb7 {[%emt 0:05:49]} 9. d3 {[%emt 0:00:17]} d6 {[%emt 0:17:34]} 10. c3 {[%emt 0:00:40]} Re8 {[%emt 0:00:31]} 11. Ng5 {[%emt 0:02:15]} Rf8 {[%emt 0:00:17]} 12. Nf3 {[%emt 0:00:06]} Re8 {[%emt 0:00:31]} 13. Nbd2 {[%emt 0:00:22] C88: Closed Ruy Lopez: Anti-Marshall Systems} Bf8 {[%emt 0:00:17]} 14. Nf1 {[%emt 0:03:19]} (14. Ba2 Qd7 15. Nf1 h6 16. Nh4 Ne7 17. h3 d5 18. Qf3 Kh7 19. Ng3 c5 20. exd5 Bxd5 21. Bxd5 Qxd5 22. axb5 axb5 23. Rxa8 Rxa8 24. Rxe5 Qxf3 25. Nxf3 {1-0 (59) Topalov,V (2801)-Ivanchuk,V (2729) Monte Carlo 2006}) 14... h6 {[%emt 0:04:59]} 15. Nh4 {[%emt 0:12:02]} d5 {[%emt 0:02:25]} 16. axb5 {[%emt 0:08:17]} axb5 {[%emt 0:00:44]} 17. Rxa8 {[%emt 0:00:30]} Bxa8 {[%emt 0:00:23]} 18. exd5 $146 {[%emt 0:05:49]} ({Predecessor:} 18. Qf3 b4 19. Nf5 Na5 20. Ba2 b3 21. Bb1 Re6 {1-0 (69) Sjugirov,S (2407)-Zherebukh,Y (2418) Sibenik 2007}) 18... Na5 {[%emt 0:06:13]} 19. Bc2 {[%emt 0:11:21]} Nxd5 {[%emt 0:01:42]} 20. Nf5 {[%emt 0:12:13]} Nf4 {[%emt 0:07:37]} 21. Bxf4 {[%emt 0:12:16]} exf4 {[%emt 0:03:57]} 22. Rxe8 {[%emt 0:01:44]} Qxe8 {[%emt 0:00:02]} 23. Qg4 {[%emt 0:05:28]} g6 {[%emt 0:10:24]} 24. b4 {[%emt 0:05:17]} Nc6 {[%emt 0:02:28]} 25. d4 {[%emt 0:04:44]} Qe6 {[%emt 0:11:52]} 26. h3 {[%emt 0:08:15]} Qf6 {[%emt 0:05:27]} 27. Be4 {[%emt 0:03:46]} Bb7 {[%emt 0:07:04]} 28. Nh4 {[%emt 0:03:31]} h5 {[%emt 0:04:28]} 29. Qf3 {[%emt 0:00:02]} Nxd4 {[%emt 0:00:06]} 30. cxd4 {[%emt 0:00:44]} Bxe4 {[%emt 0:00:04]} 31. Qxe4 {[%emt 0:00:07]} Qxh4 {[%emt 0:00:04]} 32. Nd2 {[%emt 0:01:09]} Bxb4 {[%emt 0:02:43]} 33. Qe8+ {[%emt 0:00:24]} Kg7 {[%emt 0:01:17]} 34. Nf3 {[%emt 0:00:01]} Qe7 {[%emt 0:00:15]} 35. Qxb5 {[%emt 0:00:02]} Bd6 {[%emt 0:00:11]} 36. Qd3 {[%emt 0:01:56]} Qe6 {[%emt 0:01:36]} 37. d5 {[%emt 0:00:34]} Qf6 {[%emt 0:00:04]} 38. Qe4 {[%emt 0:00:29]} Qa1+ {[%emt 0:00:41]} 39. Kh2 {[%emt 0:00:02]} Qb2 {[%emt 0:00:04]} 40. Kg1 {[%emt 0:00:52]} Bc5 {[%emt 0:00:05]} 41. Qe5+ {[%emt 0:00:27]} Qxe5 {[%emt 0:00:06]} 42. Nxe5 {[%emt 0:00:01]} f6 {[%emt 0:02:43]} 43. Nd3 {[%emt 0:00:47]} Bd6 {[%emt 0:00:05]} 44. Kf1 {[%emt 0:00:34]} Kf7 {[%emt 0:00:49]} 45. Ke2 {[%emt 0:00:07]} g5 {[%emt 0:02:12]} 46. Nb2 {[%emt 0:00:49]} (46. f3 $15) 46... Bc5 {[%emt 0:01:20]} 47. f3 {[%emt 0:00:29]} f5 {[%emt 0:00:27]} 48. Nc4 $2 {[%emt 0:00:45]} (48. Kd3 $11 {and White has nothing to worry.}) 48... Kf6 {[%emt 0:00:09]} 49. Kd3 {[%emt 0:00:15]} g4 {[%emt 0:01:12]} 50. Ke2 {[%emt 0:00:42]} Kg5 {[%emt 0:00:38]} 51. Kf1 {[%emt 0:00:09]} Kh4 {[%emt 0:00:09]} 52. hxg4 {[%emt 0:00:39]} fxg4 {[%emt 0:00:13]} 53. Nd2 {[%emt 0:00:31]} gxf3 {[%emt 0:00:55]} 54. gxf3 {[%emt 0:00:48]} (54. Nxf3+ $142 Kg4 55. Ke2) 54... Be3 {[%emt 0:01:27]} 55. Ne4 {[%emt 0:00:14]} Kh3 {[%emt 0:00:04]} 56. d6 {[%emt 0:00:30]} cxd6 {[%emt 0:00:25]} 57. Nxd6 {[%emt 0:00:09]} Kg3 {[%emt 0:00:27]} 58. Ke2 {[%emt 0:00:02]} (58. Nf5+ $19 Kxf3 59. Nh4+ Kg3 60. Ng2) 58... Bc5 $2 {[%emt 0:00:25]} (58... Kg2 {mates} 59. Nf5 Bf2 60. Nd6 h4 61. Ne4 Bb6 62. Nf6 h3 63. Ng4 Bd4 64. Kd3 Kxf3 65. Nh2+ Kg2 66. Ng4 Kg3 67. Nh6 Bh8 68. Nf5+ Kf3 69. Kc4 h2 70. Nh4+ Ke4 71. Ng2 f3 72. Nh4 f2 73. Kb4 f1=Q 74. Ng2 Qf8+ 75. Kb5 h1=Q 76. Kb6 Qb1+ 77. Kc7 Qe7+ 78. Kc8 Qbb7#) 59. Nf5+ {[%emt 0:01:35]} Kg2 {[%emt 0:00:10]} 60. Nh4+ {[%emt 0:00:35]} Kg1 {[%emt 0:01:44]} 61. Ng6 {[%emt 0:00:28]} Bd6 {[%emt 0:00:20]} 62. Ke1 {[%emt 0:00:25]} Kg2 {[%emt 0:00:06]} 63. Ke2 {[%emt 0:00:05]} Kg3 {[%emt 0:00:46]} 64. Kf1 {[%emt 0:00:14]} Bc5 {[%emt 0:01:00]} 65. Nxf4 {[%emt 0:00:10]} h4 {[%emt 0:00:04]} 66. Nh5+ {[%emt 0:01:04]} Kxf3 {[%emt 0:00:28] [#]} 67. Nf4 $1 {[%emt 0:00:05]} Kg3 {[%emt 0:00:37]} (67... Kxf4 $2 68. Kg2 $19) 68. Nh5+ {[%emt 0:00:34]} Kf3 {[%emt 0:00:29]} 69. Nf4 {[%emt 0:00:07]} Be3 {[%emt 0:00:43]} 70. Nh3 {[%emt 0:00:13]} Kg3 {[%emt 0:00:13] [#]} 71. Nf4 $1 {[%emt 0:00:35]} Ba7 {[%emt 0:00:26]} (71... Kxf4 $2 72. Kg2 $19) (71... Bxf4 $5 72. Kg1 $8 Kg4 $19) 72. Nh5+ {[%emt 0:00:11]} Kh2 $2 {[%emt 0:00:21]} (72... Kg4 $19 73. Kg2 Bd4 74. Nf6+ Bxf6) 73. Nf4 {[%emt 0:00:29]} Bb8 {[%emt 0:00:19]} 74. Nh3 {[%emt 0:00:58]} Ba7 $2 {[%emt 0:00:48]} (74... Kxh3 $19 75. Kg1 Bh2+ 76. Kh1 Kg4) 75. Nf4 {[%emt 0:00:28]} Kg3 {[%emt 0:00:38]} 76. Nh5+ {[%emt 0:00:14]} Kf3 {[%emt 0:00:38] [#]} 77. Nf4 $1 {[%emt 0:00:08]} Bf2 {[%emt 0:00:40]} 78. Ng2 {[%emt 0:00:52]} h3 {[%emt 0:00:16]} 79. Nh4+ {[%emt 0:00:05]} Ke3 {[%emt 0:00:23]} 80. Nf5+ $11 {[%emt 0:00:05]} Kf3 {[%emt 0:00:03]} 81. Nh4+ {[%emt 0:00:10]} Kg3 {[%emt 0:00:43]} 82. Nf5+ {[%emt 0:00:07]} Kf3 {[%emt 0:00:20]} 1/2-1/2

[Event "Baltic Zonal 2018"]
[Site "Tallinn"]
[Date "2018.05.16"]
[Round "4"]
[White "Vorobjov, Pavel"]
[Black "Beinoras, Mindaugas"]
[Result "1/2-1/2"]
[WhiteElo "2233"]
[BlackElo "2350"]
[Annotator "NA"]
[PlyCount "29"]
[EventDate "2018.??.??"]
[EventType "swiss"]
[EventCountry "EST"]
[SourceTitle "playchess.com"]
[Source "ChessBase"]
[SourceQuality "1"]
[TimeControl "5400+30"]

1. d4 {[%emt 0:00:00]} d5 {[%emt 0:00:14]} 2. c4 {[%emt 0:00:00]} dxc4 {[%emt 0:00:21]} 3. e3 {[%emt 0:00:33]} e6 {[%emt 0:02:41]} 4. Bxc4 {[%emt 0:00:55]} Nf6 {[%emt 0:00:34]} 5. Nf3 {[%emt 0:02:11]} c5 {[%emt 0:00:36]} 6. O-O {[%emt 0:01:33]} a6 {[%emt 0:00:12]} 7. a4 {[%emt 0:02:06]} Nc6 {[%emt 0:04:07]} 8. Nc3 {[%emt 0:00:42]} Be7 {[%emt 0:01:56]} 9. Qe2 {[%emt 0:08:33]} cxd4 {[%emt 0:00:55]} 10. Rd1 {[%emt 0:01:06]} O-O {[%emt 0:00:35]} 11. exd4 {[%emt 0:00:45]} Nb4 {[%emt 0:00:25]} 12. Bg5 {[%emt 0:07:48]} Nfd5 {[%emt 0:07:30]} 13. Nxd5 {[%emt 0:09:02]} Nxd5 {[%emt 0:01:30]} 14. Bxe7 {[%emt 0:02:16]} Nxe7 {[%emt 0:00:08]} 15. Ne5 {[%emt 0:08:06]} 1/2-1/2

[Event "Baltic Zonal 2018"]
[Site "Tallinn"]
[Date "2018.05.16"]
[Round "4"]
[White "Berzina, Ilze"]
[Black "Kalvaitis, Sigitas"]
[Result "1/2-1/2"]
[WhiteElo "2176"]
[BlackElo "2194"]
[Annotator "NA"]
[PlyCount "20"]
[EventDate "2018.??.??"]
[EventType "swiss"]
[EventCountry "EST"]
[SourceTitle "playchess.com"]
[Source "ChessBase"]
[SourceQuality "1"]
[TimeControl "5400+30"]

1. e4 c5 2. Nf3 e6 3. d4 cxd4 4. Nxd4 a6 5. c4 Nf6 6. Nc3 Qc7 7. Be2 Bb4 8. Qd3 Nc6 9. Nxc6 dxc6 10. O-O e5 1/2-1/2

[Event "Baltic Zonal 2018"]
[Site "Tallinn"]
[Date "2018.05.17"]
[Round "5"]
[White "Kovalenko, Igor"]
[Black "Kanep, Meelis"]
[Result "1/2-1/2"]
[WhiteElo "2626"]
[BlackElo "2452"]
[Annotator "TA"]
[PlyCount "79"]
[EventDate "2018.??.??"]
[EventType "swiss"]
[EventCountry "EST"]
[SourceTitle "playchess.com"]
[Source "ChessBase"]
[SourceQuality "1"]

{[%evp 17,79,-10,-4,-40,-36,-66,-63,-59,-10,-22,-9,-14,-11,-10,-12,-14,-11,-20,-22,-39,-37,-51,-37,-55,-53,-47,-61,-51,-69,-115,-105,-118,-119,-127,-38,-43,-43,-47,-38,-61,-71,-68,-41,-148,-149,-158,-158,-153,-150,-136,-136,-136,-136,-194,-208,-201,-204,-510,-227,-221,0,-480,0,-214]} 1. d4 d5 2. c4 dxc4 3. e3 e5 4. Bxc4 Nc6 (4... exd4 5. exd4 Nf6 6. Nf3 Be7 7. O-O O-O 8. Nc3 Nbd7 9. Re1 Nb6 10. Bb3 c6 11. Bg5 Nbd5 12. Nxd5 Nxd5 13. Bxe7 Nxe7 14. Ne5 Nd5 15. Qf3 Be6 16. Nd3 Nc7 17. Nc5 Bxb3 18. Qxb3 b6 19. Ne4 {0-1 (57) Artemiev,V (2691)-Ivanchuk,V (2726) Huaian 2017}) 5. d5 Na5 6. Qa4+ {D20: Angenommenes Damengambit} c6 7. dxc6 Nxc6 8. Nf3 Bd6 9. Nc3 Nf6 {LiveBook: 6 Partien} 10. Ng5 O-O 11. O-O Bf5 $146 ({Vorgänger:} 11... Qe7 12. Nge4 Nxe4 13. Nxe4 {½-½ (24) Cardon,H (2375)-Kroeze,F (2418) Netherlands 2010}) 12. Bb5 Qb6 13. e4 Bg6 14. Bxc6 $1 Qxc6 15. Qxc6 bxc6 16. Re1 Bb4 17. f3 Nd7 {[%cal Bf6d7,Bd7b6,Bb6c4,Bc4e3][%mdl 32]} 18. Bd2 f6 19. Nh3 $1 Nb6 20. Nb1 a5 21. Rc1 Bf7 22. Nf2 Rfd8 23. Be1 Nc4 24. b3 Ne3 $1 $36 {[%mdl 2048] Und ...Lxe1 würde nun gewinnen. Schwarz ist am Drücker.} 25. Nc3 {[#]} Ba3 ({Besser ist} 25... a4 $1 $17 {[%cal Ra4b3][%mdl 512]} 26. a3 (26. bxa4 Ba3) 26... axb3 27. axb4 b2 28. Rxa8 bxc1=Q 29. Rxd8+ Be8 $1 {[%mdl 512]}) 26. Na4 $1 $15 {Droht stark Tc3.} Bxc1 27. Rxc1 Rd6 28. Nc5 {[#]} a4 $1 29. Nxa4 {[#]} (29. bxa4 Rd4) 29... Nc4 $1 {[%mdl 512]} 30. Rxc4 (30. Bb4 $15 Rd4 31. Bc3) (30. bxc4 Rxa4) 30... Bxc4 $17 31. Nb6 Rxa2 32. Nxc4 Rd8 33. Kf1 c5 34. h4 h5 35. g4 (35. Bc3 $17) 35... hxg4 $19 36. fxg4 Kf7 37. Kg2 $2 (37. Bc3) 37... Rb8 (37... Rd3 $142 38. Kf1 Rxb3) 38. Nd2 {[#]} Rd8 $2 (38... Rh8 $1 39. Nd3 Rd8 40. Nxc5 Rdxd2+ 41. Bxd2 Rxd2+ 42. Kf3 Rc2) 39. Nc4 Rb8 (39... Rd3 $142 40. g5 Rxb3 41. gxf6 gxf6) 40. Nd2 {Precision: Weiß = 48%, Schwarz = 66%.} 1/2-1/2

[Event "Baltic Zonal 2018"]
[Site "Tallinn"]
[Date "2018.05.17"]
[Round "5"]
[White "Neiksans, Arturs"]
[Black "Starostits, Ilmars"]
[Result "1/2-1/2"]
[WhiteElo "2573"]
[BlackElo "2444"]
[Annotator "TA RC"]
[PlyCount "50"]
[EventDate "2018.??.??"]
[EventType "swiss"]
[EventCountry "EST"]
[SourceTitle "playchess.com"]
[Source "ChessBase"]
[SourceQuality "1"]

{[%evp 20,50,30,21,30,29,35,30,30,31,54,46,56,49,104,108,106,108,102,98,106,0,0,0,0,0,0,0,0,0,0,0,0]} 1. d4 d5 2. Nf3 Nf6 3. c4 c6 4. e3 Bg4 5. Nc3 e6 6. h3 Bh5 7. g4 Bg6 8. Ne5 {D11: Slav Defence: 3 Nf3 sidelines and 3...Nf6 4 e3 Bg4} Nfd7 (8... Nbd7 9. Nxg6 hxg6 10. g5 Ne4 11. Nxe4 dxe4 12. h4 Bb4+ 13. Bd2 Qa5 14. a3 Bxd2+ 15. Qxd2 Qxd2+ 16. Kxd2 {½-½ (35) Ding,L (2777)-Saric,I (2669) Riadh 2017}) 9. Nxg6 hxg6 10. Bd2 Be7 11. Qb3 {LiveBook: 4 Games} Qc7 12. Rc1 {[%cal Rc4d5]} dxc4 13. Qxc4 Nb6 14. Qb3 $146 ({Predecessor:} 14. Qe2 N8d7 15. Bg2 Rd8 {1-0 (32) Supatashvili,K (2465)-Fominyh,A (2545) Ekaterinburg 1997}) 14... N8d7 15. Bg2 Rd8 16. a4 a5 (16... Qb8 $14) 17. Nb5 $16 Qb8 18. Bxa5 cxb5 19. Qxb5 Rc8 {[#]} 20. Rxc8+ (20. Kd2 $1 $16 Bd8 21. Bxb6 Rxc1 22. Rxc1 Bxb6 23. a5) 20... Qxc8 $11 {The position is equal.} 21. Bxb6 {And now Kd2 would win.} Qc1+ $1 22. Ke2 Qc2+ 23. Ke1 $1 {Black must now prevent Ba5.} ({Much worse is} 23. Kf3 f5 $17) 23... Qc1+ 24. Ke2 Qc2+ 25. Ke1 $1 {[#] Hoping for Ba5.} (25. Kf3 $2 Bh4 $17) 25... Qc1+ {Precision: White = 96%, Black = 70%.} 1/2-1/2

[Event "Baltic Zonal 2018"]
[Site "Tallinn"]
[Date "2018.05.17"]
[Round "5"]
[White "Meskovs, Nikita"]
[Black "Kantans, Toms"]
[Result "1/2-1/2"]
[WhiteElo "2510"]
[BlackElo "2510"]
[Annotator "TA"]
[PlyCount "40"]
[EventDate "2018.??.??"]
[EventType "swiss"]
[EventCountry "EST"]
[SourceTitle "playchess.com"]
[Source "ChessBase"]
[SourceQuality "1"]

{[%evp 19,21,22,18,29]} 1. Nf3 Nf6 2. c4 g6 3. g3 Bg7 4. Bg2 O-O 5. O-O c6 6. d4 d5 7. b3 a5 8. Nc3 Ne4 9. Bb2 Bf5 10. e3 Nxc3 {LiveBook: 39 Games. D78: Fianchetto Grünfeld: 6 0-0 c6} 11. Bxc3 {Predecessor:} Be4 $146 12. Rc1 Nd7 13. Bh3 Nf6 14. a4 Bxf3 15. Qxf3 Ne4 16. Bg2 Nxc3 17. Rxc3 e6 18. Rd1 Qb6 19. Qe2 Rfd8 20. Qc2 Rd7 {½-½ (31) Piorun,K (2651)-Tari,A (2593) Stockholm 2018} 1/2-1/2